|
|
|
|
| LEADER |
00000nam0a2200000 4500 |
| 001 |
126797 |
| 005 |
20231031132019.0 |
| 035 |
|
|
|a (RuTPU)RU\TPU\book\137162
|
| 090 |
|
|
|a 126797
|
| 100 |
|
|
|a 20071204d1961 km y0rusy50 ca
|
| 101 |
0 |
|
|a rus
|
| 102 |
|
|
|a RU
|
| 105 |
|
|
|a a z 001zy
|
| 200 |
1 |
|
|a Прогрессивные методы производства поковок
|f Е. Г. Бородулин, Б. Ф. Трахтенберг
|
| 210 |
|
|
|a Куйбышев
|c Куйбышевское книжное издательство
|d 1961
|
| 215 |
|
|
|a 224 с.
|c ил.
|
| 320 |
|
|
|a Библиогр.: с. 220-222.
|
| 610 |
1 |
|
|a кузнечное производство
|
| 610 |
1 |
|
|a поковки
|
| 610 |
1 |
|
|a методы
|
| 610 |
1 |
|
|a машиностроение
|
| 610 |
1 |
|
|a штамповка
|
| 610 |
1 |
|
|a нагрев
|
| 610 |
1 |
|
|a прессы
|
| 610 |
1 |
|
|a кривошипные прессы
|
| 675 |
|
|
|a 621.73
|v 3
|
| 700 |
|
1 |
|a Бородулин
|b Е. Г.
|g Евгений Григорьевич
|
| 701 |
|
1 |
|a Трахтенберг
|b Б. Ф.
|g Борис Фридрихович
|
| 801 |
|
1 |
|a RU
|b 63413507
|c 20071204
|g PSBO
|
| 801 |
|
2 |
|a RU
|b 63413507
|c 20080929
|g PSBO
|
| 942 |
|
|
|c BK
|